| 000 | 00625nam a2200229 a 4500 | ||
|---|---|---|---|
| 003 | AR-BaBNM | ||
| 005 | 20251128203532.0 | ||
| 008 | 082120s2002 ||||||||||||||000 | spa|| | ||
| 040 | _cAR-BaBNM | ||
| 100 | 1 | _aHerrero Mayor, Avelino | |
| 245 | 0 | 0 |
_aDiálogo argentino de la lengua _b100 lecciones para hablar bien y escribir mejor |
| 260 |
_aBuenos Aires _bSecretaría de Estado de Cultura y Educación _c1967 |
||
| 300 | _a262 p. | ||
| 650 | 4 | _aESPAÑOL | |
| 650 | 4 | _aUSO LINGÜISTICO | |
| 650 | 4 | _aORTOGRAFIA | |
| 650 | 4 | _aGRAMATICA | |
| 650 | 4 | _aSEMANTICA | |
| 650 | 4 | _aSINTAXIS | |
| 942 | _cBK | ||
| 998 | _cisola | ||
| 999 |
_c3831 _d3831 |
||